August market trend data from Land Registry (Record no. 114660)

MARC details
000 -LEADER
fixed length control field 01144cad a22002055a 4500
001 - CONTROL NUMBER
control field L157227
008 - FIXED-LENGTH DATA ELEMENTS--GENERAL INFORMATION
fixed length control field 121001e20120928xxk 000 0 eng d
035 ## - SYSTEM CONTROL NUMBER
System control number (Sirsi) u157227
041 0# - LANGUAGE CODE
Language code of text/sound track or separate title eng
110 2# - MAIN ENTRY--CORPORATE NAME
Corporate name or jurisdiction name as entry element Land Registry
9 (RLIN) 5885
245 00 - TITLE STATEMENT
Title August market trend data from Land Registry
Medium [electronic resource]
260 ## - PUBLICATION, DISTRIBUTION, ETC.
Date of publication, distribution, etc. 2012
490 ## - SERIES STATEMENT
Series statement Land Registry Press Release
Volume/sequential designation PR15/12 28 September 2012
520 ## - SUMMARY, ETC.
Summary, etc. Market trend data includes Land Registry House Price Index, Transactions and Price Paid August 2012. No change in house prices between July and August 2012. Average house price in England and Wales now at £163 376. There were over 1 100 000 transactions with South East the top region. The Price Paid Data includes details of over 65 400 residential property sales in England and Wales that were lodged for registration in August 2012.
590 ## - LOCAL NOTE (RLIN)
Local note KA NTK
651 #4 - SUBJECT ADDED ENTRY--GEOGRAPHIC NAME
Geographic name England and Wales
Chronological subdivision 1543-
690 ## - LOCAL SUBJECT ADDED ENTRY--TOPICAL TERM (OCLC, RLIN)
Topical term or geographic name as entry element Residential property
9 (RLIN) 6266
856 40 - ELECTRONIC LOCATION AND ACCESS
Uniform Resource Identifier <a href="https://www.landregistry.gov.uk/media/all-releases/press-releases/2012/market-trend-data-july-2013">https://www.landregistry.gov.uk/media/all-releases/press-releases/2012/market-trend-data-july-2013</a>
Public note View this item free of charge at www.landregistry.gov.uk
942 ## - ADDED ENTRY ELEMENTS (KOHA)
Suppress in OPAC 0
Holdings
Withdrawn status Lost status Source of classification or shelving scheme Damaged status Not for loan Home library Current library Shelving location Date acquired Total Checkouts Full call number Barcode Date last seen Copy number Price effective from Koha item type
    Dewey Decimal Classification     Virtual Virtual Online 01/10/2012   ONLINE PUBLICATION 157227-2001 06/08/2019 1 06/08/2019 Book